000 01049cam a2200229 4500
001 ABS65828
008 020903n2002 000 0 eng u
035 _a(Sirsi) u119538
100 _aTinworth, A.
245 _aIT that comes with the territory
260 _c2002
490 _aEstates Gazette
_v(0234) 24 August 2002, 72-73(2)
520 _aLooks at serviced office provider Stonemartin and what it provides to enable it to compete in the current tough financial climate. Notes how the firm works with the Institute of Directors (IOD) to create small business communities and touch-down facilities. The IOD link is crucial to the success of the services that Stonemartin provides along with the IOD Hub that is intended to be a home for small and medium sized businesses where they can expand and develop securely.
590 _aABS
650 _aSERVICED OFFICES
650 _aINSTITUTE OF DIRECTORS
650 _aIOD HUB
650 _aSTONEMARTIN
650 _aZIPCOM
690 _aMANAGEMENT-FACILITIES MANAGEMENT
942 _n0
999 _c71067
_d71067